000 00400nam a22001097a 4500
082 _a741.642
100 _aसविता शेखर
_983482
245 _aLet us Learn Correct English आओ शुद्ध अंग्रेजी सीखें
260 _aदिल्‍ली
_bतेजस बुक डिपो
_c2016
650 _aचिल्‍ड्रन बुक
942 _cHIN
999 _c68412
_d68412